Agriculturación y tansformación territorial en la Pampa Argentina: una perspectiva microregional /
Guardado en:
| Hovedforfatter: | |
|---|---|
| Format: | Texto |
| Fag: | |
| Tags: |
Tilføj Tag
Ingen Tags, Vær først til at tagge denne postø!
|
MARC
| LEADER | 00000 a a2200000 04500 | ||
|---|---|---|---|
| 001 | 178 | ||
| 003 | |||
| 040 | |||
| 100 | |a Sili, Marcelo E. | ||
| 245 | |a Agriculturación y tansformación territorial en la Pampa Argentina: |b una perspectiva microregional / |c Marcelo E. Sili | ||
| 650 | |a AGRICULTURA | ||
| 650 | |a TECNOLOGIA | ||
| 650 | |a PRODUCCION AGROPECUARIA | ||
| 650 | |a ARGENTINA | ||
| 650 | |a CIUDADES | ||
| 773 | |g número 19; páginas 7-26 | ||
| 999 | |c 34252 |d 34252 | ||
| 773 | 0 | |0 18809 |9 3339 |a Universidad de Varsovia |d Varsovia, Polonia: Universidad de Varsovia. Facultad de Geografía y Estudios Regionales, 1984- |o 03647 |t Actas Latinoamericanas de Varsovia/ |w (cru CIDCACS/IIS)36121 | |
